• 首页
  • 本馆介绍
  • 公告通知
  • 最新文献
  • 馆藏检索
  • 电子资源
  • 读者导购
  • 参考咨询
  • 我的图书馆
  • 登录
  • 详细信息显示
  • 放入我的书架
  • 预约/预借图书
  • 作者相关作品
  • 分类相关作品
  • 丛书相关作品
  • 出版社相关作品

书目信息

  • 表格格式
  • 工作单格式
  • 卡片格式
题名:
列宁全集目录
    
 
作者: ;人民出版社 编
分册:  
出版信息: 北京   人民出版社  1965.02
页数: 266,78页
开本: 21cm
丛书名:
单 册:
中图分类: A823
科图分类:
主题词: 列宁著作--图书目录
电子资源:
ISBN:
000 00660nam0 2200229 45
001 0211251534
005 20050317170925.6
010    @b精装@dCNY1.55
091    @a17001.71
100    @a20021125d1965 km y0chiy0120 ea
101 0  @achi
105    @a z 001yy
200 1  @a列宁全集目录@ALie Ning Quan Ji Mu Lu@e第1-39卷@EDi 1-39 Juan@f本社编@FBen She Bian
210    @a北京@c人民出版社@d1965.02
215    @a266,78页@d21cm
320    @a列宁全集篇目索引
517    @a第1-39卷@ADi 1-39 Juan
606 0  @a列宁著作@x图书目录
690    @aA823@v3
711 02 @a人民出版社@4编
801    @aCN@b唐山师范学院图书馆@c20021125
905    @dA823@e8:(1-39)@f1@b36239
    
    列宁全集目录:第1-39卷/本社编.-北京:人民出版社,1965.02
    266,78页;21cm
    
    
    ISBN (精装):CNY1.55
    
●
相关链接 在E读中查询图书 在五车中查询图书 在当当中查询图书 在豆瓣中查询图书


正题名:列宁全集目录     索取号:A823/8:(1-39)         预约/预借

序号 登录号 条形码 馆藏地/架位号 状态 备注
1 0036239   001981369   第一借阅区/ [索取号:A823/8:(1-39)] 在馆    
2 0202822   001848816   密集书库/ [索取号:A823/8:(1-39)] 在馆    
3 0202823   001629517   密集书库/ [索取号:A823/8:(1-39)] 在馆    
唐山师范学院图书馆 欢迎您!
大连网信软件有限公司© 版权所有